000 00816nam a22002297a 4500
003 UA-OsUOA
001 99293
007 ta
008 20130426b un ||||| |||| 00| 0 ukr d
100 _aСимонов К.
090 _a821.161.1
_bС37
942 _cBK
040 _aUA-OsUOA
_brus
_cUA-OsUOA
_dUA-OsUOA
245 _aСобрание сочинений в десяти томах
_b7
_cТак называемая личная жизнь. Четыре шага. Двадцать дней без войны. Мы не увидимся с тобой
300 _a558 с.
955 _a3
041 _arus
080 _a821.161.1
260 _aМ.
_bХудожественная литература
_c1982
650 7 _a82 Література. Літературознавство
_2UDC
999 _c385404
_d385404